Natural rubber-Its engineering characteristics (Record no. 46193)

MARC details
000 -LEADER
fixed length control field 00282nam a2200109Ia 4500
100 ## - MAIN ENTRY--AUTHOR NAME
Personal name Davies Barbara
245 #0 - TITLE STATEMENT
Title Natural rubber-Its engineering characteristics
260 ## - PUBLICATION, DISTRIBUTION, ETC. (IMPRINT)
Name of publisher Materials and Design
300 ## - PHYSICAL DESCRIPTION
Number of Pages Varying
942 ## - ADDED ENTRY ELEMENTS (KOHA)
Koha item type Reprints
Holdings
Withdrawn status Lost status Damaged status Not for loan Home library Current library Date acquired Serial Enumeration / chronology Koha item type
      Reprints RRII Library RRII Library 22/12/2021 Volume VII, Issue 2 Reprints